[Event "Belgrade Trophy 23rd"]
[Site "Obrenovac"]
[Date "2010.11.26"]
[Round "3"]
[White "Pantelic, Slavisa"]
[Black "Carnic, Srdjan"]
[Result "1/2-1/2"]
[WhiteElo "2153"]
[BlackElo "2347"]
[PlyCount "37"]
[EventDate "2010.11.24"]
[EventType "swiss"]
[EventRounds "9"]
[EventCountry "YUG"]
[SourceTitle "CBM 139 Extra"]
[Source "ChessBase"]
[SourceDate "2011.01.05"]
[SourceVersion "1"]
[SourceVersionDate "2011.01.05"]
[SourceQuality "1"]

1. e4 c5 2. Nf3 Nc6 3. Bb5 e6 4. Bxc6 bxc6 5. e5 Ne7 6. b3 Ng6 7. 0-0 Be7 8. Bb2 0-0 9. Na3 f6 10. Nc4 Qc7 11. d3 Ba6 12. Re1 Rf7 13. Qd2 Raf8 14. Nd6 Bxd6 15. exd6 Qxd6 16. Qa5 Bc8 17. Ba3 Qb8 18. Qxc5 Re8 19. Qd6 1/2-1/2

[Event "Belgrade-chT Quality"]
[Site "Belgrade"]
[Date "2008.11.09"]
[Round "8"]
[White "Knezevic, Milorad J"]
[Black "Pantelic, Slavisa"]
[Result "1-0"]
[WhiteElo "2183"]
[BlackElo "2146"]
[PlyCount "46"]
[EventDate "2008.11.01"]
[EventType "team-swiss"]
[EventRounds "11"]
[EventCountry "YUG"]
[SourceTitle "CBM 127 Extra"]
[Source "ChessBase"]
[SourceDate "2009.01.08"]
[SourceVersion "2"]
[SourceVersionDate "2009.01.28"]
[SourceQuality "1"]

1. e4 c5 2. Nc3 Nc6 3. g3 g6 4. Bg2 d6 5. d3 Rb8 6. f4 Bg7 7. Nf3 Nf6 8. 0-0 0-0 9. h3 b5 10. Be3 b4 11. Ne2 h5 12. Qc1 Rb5 13. Nh4 d5 14. c4 dxc4 15. dxc4 Rb6 16. Bxc5 Ra6 17. Qc2 Qa5 18. Be3 e5 19. f5 Kh7 20. Rfd1 Bb7 21. Nc1 Nd4 22. Bxd4 exd4 23. fxg6+ fxg6 1-0

[Event "Novi Becej op 25th"]
[Site "Novi Becej"]
[Date "2007.06.15"]
[Round "7"]
[White "Pantelic, Slavisa"]
[Black "Radosavljevic, Slobodan D"]
[Result "1/2-1/2"]
[WhiteElo "2187"]
[BlackElo "2247"]
[PlyCount "122"]
[EventDate "2007.06.09"]
[EventType "swiss"]
[EventRounds "9"]
[EventCountry "YUG"]
[SourceTitle "CBM 118 Extra"]
[Source "ChessBase"]
[SourceDate "2007.07.04"]
[SourceVersion "1"]
[SourceVersionDate "2007.07.04"]
[SourceQuality "1"]

1. d4 c5 2. d5 Nf6 3. Nc3 g6 4. Bg5 Bg7 5. Qd2 h6 6. Bf4 d6 7. f3 a6 8. e4 b5 9. a4 b4 10. Nd1 Nbd7 11. Ne2 Nb6 12. Ng3 Bd7 13. a5 Nc8 14. h4 h5 15. c4 bxc3 16. Nxc3 0-0 17. Bc4 Ne8 18. Bh6 e5 19. Bxg7 Kxg7 20. Nf1 Nc7 21. Qe2 Nb5 22. Bxb5 axb5 23. Nxb5 Rxa5 24. Rxa5 Qxa5+ 25. Nc3 Na7 26. Qd2 Nb5 27. Nxb5 Qxb5 28. Ne3 Rb8 29. Nd1 Qc4 30. Kf2 Qd4+ 31. Ke1 Ba4 32. Nc3 Qxd2+ 33. Kxd2 Rxb2+ 34. Ke3 Be8 35. g4 hxg4 36. fxg4 Rc2 37. Kd3 Rg2 38. g5 Kf8 39. Ke3 Rg3+ 40. Kd2 Bd7 41. Ne2 Rf3 42. Nc3 Ke7 43. Rh2 Kd8 44. Rh1 Kc7 45. Rh2 Kb6 46. h5 gxh5 47. Rxh5 Rg3 48. Rh7 Rxg5 49. Rxf7 Rg2+ 50. Ke3 Rg3+ 51. Kd2 Bg4 52. Rf6 c4 53. Rxd6+ Kc5 54. Rg6 Rd3+ 55. Kc2 Bd7 56. Rg7 Bh3 57. Ne2 Bf1 58. Rc7+ Kb4 59. Nc1 Rd4 60. Na2+ Kb5 61. Nc3+ Kb4 1/2-1/2

[Event "Novi Becej op 25th"]
[Site "Novi Becej"]
[Date "2007.06.11"]
[Round "3"]
[White "Pantelic, Slavisa"]
[Black "Rakos, Ferenc"]
[Result "1-0"]
[WhiteElo "2187"]
[BlackElo "2034"]
[PlyCount "51"]
[EventDate "2007.06.09"]
[EventType "swiss"]
[EventRounds "9"]
[EventCountry "YUG"]
[SourceTitle "CBM 118 Extra"]
[Source "ChessBase"]
[SourceDate "2007.07.04"]
[SourceVersion "1"]
[SourceVersionDate "2007.07.04"]
[SourceQuality "1"]

1. d4 Nf6 2. c4 g6 3. f3 Bg7 4. e4 d6 5. Nc3 0-0 6. Be3 e5 7. d5 h6 8. Qd2 Kh7 9. g4 Ng8 10. 0-0-0 a6 11. h4 Nd7 12. Kb1 Nb6 13. Nh3 Bd7 14. c5 Na4 15. Nxa4 Bxa4 16. b3 Bd7 17. Ng5+ Kh8 18. h5 f6 19. Ne6 Bxe6 20. dxe6 dxc5 21. Qc1 Qc8 22. hxg6 Qxe6 23. Bxh6 Bxh6 24. Rxh6+ Kg7 25. Rh7+ Kxg6 26. Rdd7 1-0

[Event "Novi Becej op 25th"]
[Site "Novi Becej"]
[Date "2007.06.10"]
[Round "2"]
[White "Bodiroga, Predrag"]
[Black "Pantelic, Slavisa"]
[Result "1-0"]
[WhiteElo "2430"]
[BlackElo "2187"]
[PlyCount "80"]
[EventDate "2007.06.09"]
[EventType "swiss"]
[EventRounds "9"]
[EventCountry "YUG"]
[SourceTitle "CBM 118 Extra"]
[Source "ChessBase"]
[SourceDate "2007.07.04"]
[SourceVersion "1"]
[SourceVersionDate "2007.07.04"]
[SourceQuality "1"]

1. d4 Nf6 2. c4 g6 3. Nc3 Bg7 4. e4 d6 5. Nf3 Bg4 6. Be2 0-0 7. 0-0 Nfd7 8. Be3 e5 9. d5 Bxf3 10. Bxf3 f5 11. b4 a5 12. a3 Na6 13. Rb1 Qe7 14. Be2 axb4 15. axb4 Kh8 16. f3 Bf6 17. Qd2 f4 18. Bf2 Bh4 19. g3 fxg3 20. hxg3 Bg5 21. Qc2 h5 22. Kg2 Kg7 23. Rh1 Rh8 24. Rh2 h4 25. g4 Bf4 26. Nd1 Bg3 27. Be3 Bf4 28. Bg1 Nf6 29. Bf2 Nh7 30. Nc3 Ng5 31. Bxh4 Rxh4 32. Rxh4 Nxf3 33. Rh3 Nh4+ 34. Kh1 Rh8 35. Qd3 Qg5 36. Rb3 Qe7 37. Nd1 Qd7 38. Nc3 Qe7 39. Nb5 Ra8 40. Qd1 g5 1-0